Normal view
MARC view
- XML-DOCUMENT MARKUP LANGUAGE INTERNET PROGRAMMING
Entry Topical Term
001 - CONTROL NUMBER
- control field: 80748
003 - CONTROL NUMBER IDENTIFIER
- control field: NUST
005 - DATE AND TIME OF LATEST TRANSACTION
- control field: 20210628210731.0
008 - FIXED-LENGTH DATA ELEMENTS
- fixed length control field: 210628|| aca||aabn | a|a d
040 ## - CATALOGING SOURCE
- Original cataloging agency: NUST
- Transcribing agency: NUST
150 ## - HEADING--TOPICAL TERM
- Topical term or geographic name entry element: XML-DOCUMENT MARKUP LANGUAGE INTERNET PROGRAMMING
670 ## - SOURCE DATA FOUND
- Source citation: Work cat.: (NUST): Leventhal, michael fuchs, matthew lewis, david 80747, Designing xml internet applications, 1998
